| 000 | 00463cam a22001097a 4500 | ||
|---|---|---|---|
| 008 | 180718b1990 xxu||||| |||| 00| 0 eng d | ||
| 082 | _aJ4x54 N213 1985-90 | ||
| 245 |
_aNCR planning Board : First 5 years 1985-1990 _cBy National capital region planning board |
||
| 260 |
_aIndia _bNational capital region planning board _c1990 |
||
| 300 | _a20p | ||
| 650 | _aRegional planning - India - Delhi (Union Territory) Regional planning - India - Delhi (Union Territory) - Maps | ||
| 999 |
_c409377 _d409377 |
||